[Event "Zuoz Engiadina op 26th"]
[Site "Zuoz"]
[Date "2019.10.11"]
[Round "6"]
[White "Eschmann, Patrick"]
[Black "Arquint, Andri"]
[Result "1-0"]
[WhiteElo "2202"]
[BlackElo "1994"]
[PlyCount "91"]
[EventDate "2019.10.05"]
[EventType "swiss"]
[EventRounds "7"]
[EventCountry "SUI"]
[SourceTitle "EXT 2020"]
[Source "ChessBase"]
[SourceDate "2019.10.17"]
[SourceVersion "1"]
[SourceVersionDate "2019.10.17"]
[SourceQuality "1"]

1. e4 c5 2. Nf3 a6 3. c3 d6 4. d4 Qc7 5. Bd3 Bg4 6. 0-0 Nc6 7. d5 Ne5 8. Be2 Nxf3+ 9. Bxf3 Bxf3 10. Qxf3 g6 11. Nd2 Bg7 12. a4 Nf6 13. Nc4 0-0 14. a5 Nd7 15. Qe2 Rae8 16. Bf4 h6 17. Rfe1 Ne5 18. Nxe5 dxe5 19. Be3 Qd6 20. c4 Kh7 21. b4 cxb4 22. c5 Qd7 23. Reb1 f5 24. f3 Bf6 25. Rxb4 fxe4 26. fxe4 Bg5 27. Bxg5 hxg5 28. Rab1 Qc7 29. Qe3 Qxa5 30. Rxb7 Rf4 31. c6 Qa4 32. Re1 Kg8 33. g3 Rf6 34. c7 Ref8 35. Rb8 Qd7 36. Rc1 Rc8 37. Rxc8+ Qxc8 38. Qxg5 Kf7 39. Qxe5 a5 40. Qd4 g5 41. e5 Rf3 42. e6+ Kg8 43. Qg4 Rf6 44. Qxg5+ Kh7 45. Rc4 Rh6 46. Qxe7+ 1-0

[Event "SUI-ch HT 119th"]
[Site "Leukerbad"]
[Date "2019.07.12"]
[Round "2"]
[White "Kaczmarczyk, Dennis"]
[Black "Eschmann, Patrick"]
[Result "1-0"]
[WhiteElo "2427"]
[BlackElo "2207"]
[PlyCount "101"]
[EventDate "2019.07.11"]
[EventType "swiss"]
[EventRounds "9"]
[EventCountry "SUI"]
[SourceTitle "EXT 2020"]
[Source "ChessBase"]
[SourceDate "2019.10.17"]
[SourceVersion "1"]
[SourceVersionDate "2019.10.17"]
[SourceQuality "1"]

1. d4 d5 2. c4 e6 3. Nf3 c5 4. cxd5 exd5 5. g3 Nf6 6. Bg2 Be7 7. 0-0 0-0 8. Nc3 Nc6 9. Bg5 cxd4 10. Nxd4 h6 11. Be3 Bg4 12. Nb3 Be6 13. Bc5 Re8 14. Rc1 Rc8 15. Nb5 a6 16. N5d4 Nxd4 17. Qxd4 Bxc5 18. Rxc5 Rxc5 19. Qxc5 Ne4 20. Qb4 Qe7 21. Qxe7 Rxe7 22. Rc1 g6 23. Nd4 Nf6 24. e3 h5 25. h3 Ne4 26. h4 Kg7 27. Nxe6+ fxe6 28. Bxe4 dxe4 29. Rc4 Kf6 30. Rxe4 Rc7 31. Rb4 b5 32. b3 Rc2 33. a4 bxa4 34. bxa4 Ra2 35. Kg2 a5 36. Rc4 Ke7 37. Kf3 Kd6 38. g4 Rb2 39. Rf4 Ke5 40. Re4+ Kd5 41. Rd4+ Kc5 42. gxh5 gxh5 43. Kg3 Rb4 44. Kf4 Rxd4+ 45. exd4+ Kxd4 46. Kg5 Ke4 47. Kxh5 Kf5 48. Kh6 e5 49. Kg7 Kg4 50. Kf6 e4 51. Ke5 1-0

[Event "Zuerich op-A 40th"]
[Site "Zuerich"]
[Date "2016.12.29"]
[Round "5"]
[White "Nazarenus, Olaf"]
[Black "Eschmann, Patrick"]
[Result "0-1"]
[WhiteElo "2050"]
[BlackElo "2125"]
[PlyCount "36"]
[EventDate "2016.12.26"]
[EventType "swiss"]
[EventRounds "7"]
[EventCountry "SUI"]
[SourceTitle "CBM 176 Extra"]
[Source "ChessBase"]
[SourceDate "2017.03.02"]
[SourceVersion "1"]
[SourceVersionDate "2017.03.02"]
[SourceQuality "1"]

1. Nf3 d5 2. b3 Bg4 3. Bb2 e6 4. Ne5 Bh5 5. g4 Bg6 6. h4 Be4 7. f3 Be7 8. g5 Bf5 9. Nc6 Nxc6 10. Bxg7 Bxg5 11. Bg2 Bxh4+ 12. Rxh4 Qxh4+ 13. Kf1 f6 14. Bxh8 Kf7 15. e4 dxe4 16. fxe4 Bg4 17. Bf3 Qh3+ 18. Kf2 Ne5 0-1

[Event "Zuoz Engiadina op 23rd"]
[Site "Zuoz"]
[Date "2016.10.02"]
[Round "2"]
[White "Eschmann, Patrick"]
[Black "Goettin, Gerhard"]
[Result "1/2-1/2"]
[WhiteElo "2141"]
[BlackElo "1938"]
[PlyCount "79"]
[EventDate "2016.10.01"]
[EventType "swiss"]
[EventRounds "7"]
[EventCountry "SUI"]
[SourceTitle "EXT 2017"]
[Source "ChessBase"]
[SourceDate "2016.10.25"]
[SourceVersion "1"]
[SourceVersionDate "2016.10.25"]
[SourceQuality "1"]

1. e4 c5 2. Nf3 d6 3. c3 Nf6 4. Be2 g6 5. 0-0 Bg7 6. Re1 0-0 7. Bf1 Bg4 8. h3 Bxf3 9. Qxf3 Nc6 10. Na3 a6 11. d3 Rc8 12. Bd2 b5 13. Qe3 Nd7 14. Nc2 b4 15. d4 cxd4 16. cxd4 a5 17. Ba6 Rc7 18. Rac1 Qa8 19. Qd3 Ra7 20. Bb5 Rc7 21. Be3 Qb8 22. f4 Na7 23. Ba6 e5 24. fxe5 dxe5 25. d5 Nc5 26. Bxc5 Rxc5 27. Ne3 Rxc1 28. Rxc1 Qd6 29. Rf1 Bh6 30. Ng4 Bg7 31. Bc4 f5 32. exf5 gxf5 33. Rxf5 Rxf5 34. Qxf5 Qc5+ 35. Kh2 Qxc4 36. Qe6+ Kf8 37. Qd6+ Ke8 38. Qe6+ Kf8 39. Qd6+ Ke8 40. Qe6+ 1/2-1/2

[Event "Winterthur op"]
[Site "Winterthur"]
[Date "2007.10.11"]
[Round "7"]
[White "Lehmann, Andreas"]
[Black "Eschmann, Patrick"]
[Result "0-1"]
[WhiteElo "2252"]
[BlackElo "2191"]
[PlyCount "108"]
[EventDate "2007.10.05"]
[EventType "swiss"]
[EventRounds "9"]
[EventCountry "SUI"]
[SourceTitle "CBM 120 Extra"]
[Source "ChessBase"]
[SourceDate "2007.11.01"]
[SourceVersion "1"]
[SourceVersionDate "2007.11.01"]
[SourceQuality "1"]

1. e4 d5 2. exd5 Qxd5 3. Nc3 Qd6 4. Bc4 Nf6 5. Nge2 c6 6. d4 Bf5 7. Bf4 Qb4 8. Bb3 e6 9. 0-0 Be7 10. Bc7 Na6 11. a3 Qxb3 12. cxb3 Nxc7 13. b4 0-0 14. Qb3 Rfd8 15. b5 cxb5 16. Nxb5 Nxb5 17. Qxb5 Be4 18. Rfd1 Bc6 19. Qb3 Nd5 20. Qg3 Bd6 21. Qg4 h6 22. Re1 a5 23. Rad1 a4 24. Rd3 Nf6 25. Qh4 Ra5 26. Ng3 Rg5 27. h3 Bc7 28. f4 Rb5 29. Re2 Rbd5 30. Ne4 Nxe4 31. Rxe4 Rf5 32. Re5 Rf6 33. Rg3 Kf8 34. Re1 Rxd4 35. Qh5 Rdxf4 36. Qc5+ Kg8 37. Rd1 R4f5 38. Qc3 Be5 39. Qd3 Bxg3 40. Qxg3 Rg6 41. Qb8+ Kh7 42. Rd2 Rfg5 43. g4 Rf6 44. Rd8 Rc5 45. Rh8+ Kg6 46. Qg8 Rc1+ 47. Kh2 Rh1+ 48. Kg3 Rf3+ 49. Kg2 Rfxh3+ 50. Kf2 Rf3+ 51. Ke2 Rh2+ 52. Ke1 Bb5 53. Qh7+ Kf6 54. g5+ Ke7 0-1

[Event "Winterthur op"]
[Site "Winterthur"]
[Date "2007.10.09"]
[Round "5"]
[White "Kamber, Bruno"]
[Black "Eschmann, Patrick"]
[Result "1-0"]
[WhiteElo "2329"]
[BlackElo "2191"]
[PlyCount "75"]
[EventDate "2007.10.05"]
[EventType "swiss"]
[EventRounds "9"]
[EventCountry "SUI"]
[SourceTitle "CBM 120 Extra"]
[Source "ChessBase"]
[SourceDate "2007.11.01"]
[SourceVersion "1"]
[SourceVersionDate "2007.11.01"]
[SourceQuality "1"]

1. e4 c6 2. Nc3 d5 3. g3 dxe4 4. Nxe4 Bf5 5. Bg2 Nd7 6. Qe2 e6 7. Nf3 Ngf6 8. d3 Be7 9. 0-0 0-0 10. Re1 Re8 11. Bf4 Nd5 12. Bd2 N7f6 13. Rad1 a5 14. Ne5 Qc7 15. Ng5 Bg6 16. Nxg6 hxg6 17. h4 Bc5 18. Ne4 Nxe4 19. dxe4 Qxg3 20. exd5 cxd5 21. Be3 Bxe3 22. Qxe3 Qxe3 23. Rxe3 Rac8 24. Rd2 Red8 25. Bf1 Rc5 26. Rb3 Rd7 27. c4 d4 28. Rg3 Rh5 29. Rg5 e5 30. Bd3 Rxg5+ 31. hxg5 f5 32. gxf6 gxf6 33. f4 exf4 34. Bxg6 Rg7 35. Rg2 f3 36. Rg3 d3 37. Kf2 d2 38. Bc2 1-0

[Event "Winterthur op"]
[Site "Winterthur"]
[Date "2007.10.08"]
[Round "4"]
[White "Eschmann, Patrick"]
[Black "Baumann, Kurt2222"]
[Result "1-0"]
[WhiteElo "2191"]
[BlackElo "2020"]
[PlyCount "58"]
[EventDate "2007.10.05"]
[EventType "swiss"]
[EventRounds "9"]
[EventCountry "SUI"]
[SourceTitle "CBM 120 Extra"]
[Source "ChessBase"]
[SourceDate "2007.11.01"]
[SourceVersion "1"]
[SourceVersionDate "2007.11.01"]
[SourceQuality "1"]

1. e4 c5 2. c3 Nf6 3. e5 Nd5 4. Nf3 Nc6 5. Bc4 Nb6 6. Bb3 d6 7. exd6 Qxd6 8. 0-0 Bf5 9. d4 c4 10. Bc2 Bxc2 11. Qxc2 e6 12. Re1 Be7 13. Nbd2 h6 14. Ne4 Qc7 15. Ng3 0-0 16. Re4 Nd5 17. Bd2 Bd6 18. Nh5 Nce7 19. Nxg7 Bf4 20. Nh5 Bxd2 21. Qxd2 Kh7 22. Ne5 Nf5 23. Ng3 Nde7 24. Ng4 Ng8 25. Re5 Qd7 26. Nxf5 exf5 27. Qxh6+ Nxh6 28. Nf6+ Kg6 29. Nxd7 Rfd8 1-0

[Event "Winterthur op"]
[Site "Winterthur"]
[Date "2006.10.09"]
[Round "4"]
[White "Eschmann, Patrick"]
[Black "Trachsel, Peter"]
[Result "1-0"]
[WhiteElo "2195"]
[BlackElo "2011"]
[PlyCount "43"]
[EventDate "2006.10.06"]
[EventType "swiss"]
[EventRounds "9"]
[EventCountry "SUI"]
[SourceTitle "EXT 2007"]
[Source "ChessBase"]
[SourceDate "2006.11.23"]
[SourceVersion "1"]
[SourceVersionDate "2006.11.23"]
[SourceQuality "1"]

1. e4 c6 2. d4 d5 3. exd5 cxd5 4. c4 Nf6 5. Nc3 e6 6. Nf3 Bb4 7. Bd3 0-0 8. 0-0 dxc4 9. Bxc4 Nc6 10. a3 Be7 11. Re1 a6 12. Bg5 b5 13. Bb3 Na5 14. Ba2 Re8 15. Ne5 Bb7 16. Qd3 Nd5 17. Bxe7 Nxe7 18. Nxf7 Kxf7 19. Bxe6+ Kf6 20. d5 g6 21. Qd4+ Kg5 22. Qe3+ 1-0

[Event "Baden VLS 0304"]
[Site "Baden"]
[Date "2003.11.09"]
[Round "2.4"]
[White "Raka, Ramadan"]
[Black "Eschmann, Patrick"]
[Result "0-1"]
[WhiteElo "2121"]
[BlackElo "2209"]
[PlyCount "124"]
[EventDate "2003.10.19"]
[EventType "team-tourn"]
[EventRounds "9"]
[EventCountry "GER"]
[SourceTitle "EXT 2022"]
[Source "ChessBase"]
[SourceDate "2021.10.06"]
[SourceVersion "1"]
[SourceVersionDate "2021.10.06"]
[SourceQuality "1"]
[WhiteTeam "Iffezheim"]
[BlackTeam "Gottmadingen"]
[WhiteTeamCountry "GER"]
[BlackTeamCountry "GER"]

1. d4 d5 2. Nf3 Nc6 3. Bf4 Bg4 4. e3 e6 5. Be2 Bd6 6. Bg5 f6 7. Bh4 Nge7 8. c4 Nf5 9. Bg3 Bxg3 10. hxg3 Qe7 11. cxd5 exd5 12. Nc3 0-0-0 13. Qd2 Kb8 14. Nh4 Bxe2 15. Nxf5 Qd7 16. Nxg7 Ba6 17. Nh5 Nb4 18. Nf4 Qf7 19. Na4 Nc6 20. Nc5 Rhe8 21. Nxa6+ bxa6 22. Qd3 Re7 23. Rc1 Rd6 24. Rc5 Nb4 25. Qd2 Nc6 26. a3 Nd8 27. Qc3 Nb7 28. Rc6 Red7 29. Rxd6 Rxd6 30. Qd3 f5 31. b4 Rc6 32. Ke2 Nd6 33. Rh6 Kb7 34. a4 Rc4 35. Qb3 Ne4 36. Nd3 Qg7 37. Rh4 Kc8 38. Ne5 Rc1 39. Qxd5 Nc3+ 40. Kd2 Nxd5 41. Kxc1 Nxb4 42. Kd2 Qg8 43. Kc3 Nd5+ 44. Kd3 Nb6 45. a5 Qb3+ 46. Ke2 Nd5 47. g4 f4 48. Rh3 fxe3 49. fxe3 Qc2+ 50. Kf3 Qd2 51. Ke4 Qxg2+ 52. Rf3 Nf6+ 53. Kf4 Qh2+ 54. Kf5 Ne8 55. g5 Qa2 56. Rf4 Qxa5 57. Ke6 Ng7+ 58. Ke7 Qb4+ 59. Kf7 Nh5 60. Rf3 Qb3+ 61. Ke7 Qd5 62. Rh3 Qd8+ 0-1

[Event "Oberliga Baden 0203"]
[Site "Germany"]
[Date "2003.02.09"]
[Round "6.2"]
[White "Metz, Hartmut"]
[Black "Eschmann, Patrick"]
[Result "0-1"]
[WhiteElo "2351"]
[BlackElo "2228"]
[PlyCount "68"]
[EventDate "2002.10.20"]
[EventType "team-tourn"]
[EventRounds "9"]
[EventCountry "GER"]
[SourceTitle "EXT 2018"]
[Source "ChessBase"]
[SourceDate "2017.10.13"]
[SourceVersion "1"]
[SourceVersionDate "2017.10.13"]
[SourceQuality "1"]
[WhiteTeam "Kuppenheim"]
[BlackTeam "Gottmadingen"]
[WhiteTeamCountry "GER"]
[BlackTeamCountry "GER"]

1. Nf3 d5 2. d4 Nc6 3. Bf4 Bg4 4. Nbd2 e6 5. h3 Bh5 6. c3 Bd6 7. e3 Nge7 8. Be2 0-0 9. 0-0 f6 10. Bxd6 cxd6 11. Re1 f5 12. Rc1 Kh8 13. c4 dxc4 14. Nxc4 Bxf3 15. Bxf3 d5 16. Nd2 Qd6 17. Nb3 b6 18. Qd2 Rf6 19. Rc3 g5 20. Nc1 Rg8 21. Bd1 Ng6 22. Nd3 Nb4 23. Nxb4 Qxb4 24. a3 Qd6 25. Bh5 Nh4 26. Rec1 g4 27. hxg4 fxg4 28. e4 dxe4 29. Rc8 Rff8 30. Rxf8 Qxf8 31. Rc7 Nf3+ 32. gxf3 gxf3+ 33. Kh1 Qf5 34. Bg4 Qxg4 0-1

[Event "SUI-chT"]
[Site "Switzerland"]
[Date "2002.10.05"]
[Round "8.8"]
[White "Partos, Charles"]
[Black "Eschmann, Patrick"]
[Result "1-0"]
[WhiteElo "2386"]
[BlackElo "2163"]
[PlyCount "95"]
[EventDate "2002.03.03"]
[EventType "team-tourn"]
[EventRounds "9"]
[EventCountry "SUI"]
[SourceTitle "CBM 091 Extra"]
[Source "ChessBase"]
[SourceDate "2003.01.09"]
[SourceVersion "1"]
[SourceVersionDate "2003.01.09"]
[SourceQuality "1"]

1. d4 d5 2. c4 c6 3. Nf3 Nf6 4. Nc3 dxc4 5. a4 Bf5 6. e3 e6 7. Bxc4 Bb4 8. 0-0 0-0 9. Qe2 Nbd7 10. e4 Bg6 11. e5 Nd5 12. Ne4 Re8 13. h3 a5 14. Bg5 Qc7 15. Rac1 N7b6 16. Bb3 h6 17. Bd2 Qe7 18. Nc5 Ra7 19. g3 Bh5 20. g4 Bg6 21. Kg2 Rd8 22. Kg3 Nd7 23. Rfd1 Nxc5 24. dxc5 Raa8 25. Bxb4 Nxb4 26. Rd6 Nd5 27. Qd2 Be4 28. Nd4 Nc7 29. Rd1 Bd5 30. Bc2 Ne8 31. Qd3 f5 32. f4 Be4 33. Qc4 Bd5 34. Qc3 g6 35. Rxd8 Rxd8 36. Qxa5 Ng7 37. Qc3 Rf8 38. Rf1 g5 39. gxf5 gxf4+ 40. Kh2 Qh4 41. f6 Nh5 42. Rg1+ Kh8 43. Qe1 Ng3 44. Ne2 Rg8 45. Qf2 Rg4 46. Nxg3 fxg3+ 47. Rxg3 Rf4 48. Qg1 1-0

[Event "Valle d'Aosta op 10th"]
[Site "Saint Vincent"]
[Date "2002.02.09"]
[Round "1"]
[White "Eschmann, Patrick"]
[Black "Babula, Vlastimil"]
[Result "1/2-1/2"]
[WhiteElo "2167"]
[BlackElo "2551"]
[PlyCount "85"]
[EventDate "2002.02.09"]
[EventType "swiss"]
[EventRounds "9"]
[EventCountry "ITA"]
[SourceTitle "CBM 086 Extra"]
[Source "ChessBase"]
[SourceDate "2002.03.14"]
[SourceVersion "1"]
[SourceVersionDate "2002.03.14"]
[SourceQuality "1"]

1. e4 c5 2. c3 d5 3. exd5 Qxd5 4. d4 Nf6 5. Nf3 Bg4 6. Be2 cxd4 7. cxd4 e6 8. Nc3 Qa5 9. h3 Bh5 10. 0-0 Nc6 11. Be3 Bb4 12. Qb3 0-0 13. a3 Bxc3 14. bxc3 Nd5 15. Rfc1 Qc7 16. c4 Nxe3 17. Qxe3 Rfd8 18. Rd1 Rd7 19. g4 Bg6 20. d5 exd5 21. cxd5 Ne7 22. Rac1 Qb6 23. Qxb6 axb6 24. d6 Nc6 25. Rxc6 bxc6 26. Ne5 Raa7 27. Nxd7 Rxd7 28. Bf3 c5 29. Bc6 Rd8 30. d7 Kf8 31. Bb5 Ke7 32. f4 Bc2 33. Re1+ Kd6 34. Re8 Kc7 35. Kf2 Bb3 36. f5 g5 37. Kg3 Bd5 38. h4 h6 39. hxg5 hxg5 40. Kf2 Bb7 41. Re7 Bd5 42. Re8 Bb7 43. Re7 1/2-1/2

[Event "Baden Casino op 5th"]
[Site "Baden"]
[Date "2000.??.??"]
[Round "8"]
[White "Eschmann, Patrick"]
[Black "Mikavica, Mirko"]
[Result "0-1"]
[WhiteElo "2069"]
[BlackElo "2241"]
[PlyCount "136"]
[EventDate "2000.04.??"]
[EventType "swiss"]
[EventRounds "9"]
[EventCountry "SUI"]
[SourceTitle "EXT 2001"]
[Source "ChessBase"]
[SourceDate "2000.11.22"]
[SourceVersion "1"]
[SourceVersionDate "2000.11.22"]
[SourceQuality "1"]

1. e4 d6 2. d4 Nf6 3. Nc3 g6 4. g3 Bg7 5. Bg2 c6 6. Nge2 0-0 7. 0-0 Nfd7 8. Kh1 b5 9. a3 Nb6 10. f4 Bg4 11. h3 Bxe2 12. Nxe2 e5 13. c3 N8d7 14. Qc2 Qe7 15. Be3 a5 16. Rad1 Nc4 17. Bc1 a4 18. Qd3 Rad8 19. Qf3 c5 20. dxe5 dxe5 21. f5 Nf6 22. g4 h6 23. h4 Rxd1 24. Rxd1 Nh7 25. Qg3 g5 26. hxg5 Nxg5 27. Qd3 Nh7 28. Kg1 Qh4 29. Qg3 Qxg3 30. Nxg3 Nf6 31. Bf3 Rb8 32. Be2 Kf8 33. Kf2 Ke7 34. Bxc4 bxc4 35. Kf3 Nh7 36. Nh5 Bf6 37. Rd5 Bg5 38. Rxe5+ Kd6 39. Rd5+ Kc6 40. Nf4 Nf6 41. Rd1 Nd7 42. Kg3 Re8 43. Re1 Ne5 44. Rd1 Rg8 45. Rg1 Nxg4 46. Kf3 Ne5+ 47. Ke2 Bxf4 48. Rxg8 Bxc1 49. Rc8+ Kd6 50. Rh8 Ke7 51. Kd1 Bf4 52. Ra8 Nd3 53. Kc2 Ne5 54. Rxa4 h5 55. Ra8 Kf6 56. Rh8 Kg5 57. a4 Nc6 58. Kd1 h4 59. Rh7 f6 60. Rg7+ Kh5 61. Ke2 Ne5 62. a5 h3 63. Rg1 h2 64. Rh1 Kg4 65. a6 Nc6 66. Kf2 Kh3 67. Rd1 Bb8 68. Rd7 Bg3+ 0-1

[Event "Baden Casino op 5th"]
[Site "Baden"]
[Date "2000.??.??"]
[Round "3"]
[White "Huss, Andreas"]
[Black "Eschmann, Patrick"]
[Result "1-0"]
[WhiteElo "2349"]
[BlackElo "2069"]
[PlyCount "121"]
[EventDate "2000.04.??"]
[EventType "swiss"]
[EventRounds "9"]
[EventCountry "SUI"]
[SourceTitle "EXT 2001"]
[Source "ChessBase"]
[SourceDate "2000.11.22"]
[SourceVersion "1"]
[SourceVersionDate "2000.11.22"]
[SourceQuality "1"]

1. d4 d5 2. c4 e6 3. Nf3 c5 4. cxd5 exd5 5. Nc3 Nc6 6. g3 Nf6 7. Bg2 Be7 8. 0-0 0-0 9. dxc5 d4 10. Na4 Bf5 11. Bd2 Ne4 12. b4 Bf6 13. Rc1 Rc8 14. b5 Ne5 15. Bb4 Nxf3+ 16. exf3 Nc3 17. Nxc3 dxc3 18. Qxd8 Rfxd8 19. Bxc3 Bxc3 20. Rxc3 Bd3 21. Rfc1 Bxb5 22. f4 Bc6 23. Ra3 g6 24. Rxa7 Bxg2 25. Kxg2 Rd5 26. Rxb7 Rdxc5 27. Rxc5 Rxc5 28. Rb2 Rc3 29. Kf1 h5 30. h4 Kg7 31. Ke2 Kf6 32. Kd2 Rf3 33. Kc1 Kf5 34. Rd2 Ra3 35. Kb2 Ra8 36. Rd7 Rb8+ 37. Kc3 Rc8+ 38. Kd3 Ra8 39. Rxf7+ Ke6 40. Rb7 Rxa2 41. Ke3 Ra6 42. Rb5 Ra3+ 43. Ke4 Ra4+ 44. Kf3 Ra3+ 45. Kg2 Kf6 46. Rg5 Ra8 47. f5 gxf5 48. Rxh5 Ra2 49. Rh6+ Ke5 50. Rb6 Ke4 51. h5 Rc2 52. h6 Rc7 53. Rb4+ Ke5 54. Rh4 Rh7 55. Kf3 Kf6 56. Kf4 Kg6 57. Ke5 Re7+ 58. Kd6 Rh7 59. Ke6 Kg5 60. f4+ Kg6 61. Rh1 1-0

[Event "Baden Casino op 5th"]
[Site "Baden"]
[Date "2000.??.??"]
[Round "5"]
[White "Walpen, Peter"]
[Black "Eschmann, Patrick"]
[Result "1/2-1/2"]
[WhiteElo "2011"]
[BlackElo "2069"]
[PlyCount "95"]
[EventDate "2000.04.??"]
[EventType "swiss"]
[EventRounds "9"]
[EventCountry "SUI"]
[SourceTitle "EXT 2001"]
[Source "ChessBase"]
[SourceDate "2000.11.22"]
[SourceVersion "1"]
[SourceVersionDate "2000.11.22"]
[SourceQuality "1"]

1. d4 d5 2. c4 e6 3. Nc3 c5 4. cxd5 exd5 5. Nf3 Nc6 6. g3 Nf6 7. Bg2 Be7 8. 0-0 0-0 9. Bf4 Bg4 10. dxc5 d4 11. Na4 Re8 12. Ne5 Bf8 13. Nxg4 Nxg4 14. Bxc6 bxc6 15. e3 Ne5 16. exd4 Qxd4 17. Qxd4 Nf3+ 18. Kg2 Nxd4 19. Rad1 Rad8 20. Rfe1 Rxe1 21. Rxe1 Ne6 22. Be3 g6 23. Rc1 h5 24. Rc4 Rb8 25. b3 f5 26. h4 Kf7 27. Nc3 Rb7 28. Kf3 Be7 29. Ke2 Rd7 30. Ra4 Bf6 31. Nb1 Bd4 32. Ra6 Bxc5 33. Rxc6 Nd4+ 34. Bxd4 Bxd4 35. Nc3 Bb6 36. Nd1 Ba5 37. Ne3 Rd2+ 38. Kf3 Bb6 39. a4 Ra2 40. Rc2 Ra3 41. Rc3 Ra2 42. Rc2 Ra3 43. Rb2 Bd4 44. Rd2 Bb6 45. Rd3 Ra2 46. Nd1 Kf6 47. Ne3 Ke6 48. Rc3 1/2-1/2

[Event "Zuerich Hilton op"]
[Site "Zuerich"]
[Date "1999.08.17"]
[Round "5"]
[White "Hochstrasser, Michael"]
[Black "Eschmann, Patrick"]
[Result "1-0"]
[WhiteElo "2272"]
[BlackElo "2062"]
[PlyCount "66"]
[EventDate "1999.08.13"]
[EventType "swiss"]
[EventRounds "9"]
[EventCountry "SUI"]
[SourceTitle "EXT 2000"]
[Source "ChessBase"]
[SourceDate "1999.11.16"]
[SourceVersion "1"]
[SourceVersionDate "1999.11.16"]
[SourceQuality "1"]

1. g3 Nf6 2. Bg2 d5 3. Nf3 c5 4. 0-0 Nc6 5. d3 e6 6. Nbd2 Be7 7. e4 0-0 8. e5 Ne8 9. Re1 f6 10. exf6 Bxf6 11. Nf1 Nd6 12. Ne3 h5 13. h4 Nf7 14. a3 g6 15. c3 Rb8 16. d4 b6 17. Qd3 Kg7 18. Nf1 Rb7 19. Bf4 Nd6 20. Ne5 Bxe5 21. Bxe5+ Nxe5 22. Rxe5 Qf6 23. f4 cxd4 24. Qxd4 Rc7 25. Rd1 Rc4 26. Qd2 Rc7 27. Qe1 Nc4 28. Re2 Qf5 29. Kh2 Rd8 30. Kh1 Rd6 31. Nh2 Rdc6 32. Nf3 Qf6 33. Nd4 Rc5 1-0

[Event "Baden Casino op 3rd"]
[Site "Baden"]
[Date "1998.??.??"]
[Round "2"]
[White "Eschmann, Patrick"]
[Black "Khenkin, Igor"]
[Result "0-1"]
[WhiteElo "2105"]
[BlackElo "2565"]
[PlyCount "54"]
[EventDate "1998.04.10"]
[EventType "swiss"]
[EventRounds "9"]
[EventCountry "SUI"]
[SourceTitle "CBM 064 Extra"]
[Source "ChessBase"]
[SourceDate "1998.07.07"]
[SourceVersion "1"]
[SourceVersionDate "1998.07.07"]
[SourceQuality "1"]

1. e4 c6 2. d4 d5 3. Nc3 dxe4 4. Nxe4 Bf5 5. Ng3 Bg6 6. h4 h6 7. Nf3 Nf6 8. Bd3 Bxd3 9. Qxd3 e6 10. Bd2 Be7 11. 0-0-0 0-0 12. Ne4 Nbd7 13. Nxf6+ Nxf6 14. Rh3 c5 15. Bc3 Qd5 16. b3 Rac8 17. dxc5 Qxc5 18. Bd4 Qa3+ 19. Kb1 Rfd8 20. Rhh1 Nd5 21. c4 Nb4 22. Qe2 b5 23. Qb2 Qxb2+ 24. Kxb2 bxc4 25. Ne5 Bf6 26. f4 Nd3+ 27. Kc3 Nxf4 0-1